000 00533nam a2200181 a 4500
005 20140310183454.0
008 070919s19uu xx 00 eng d
020 _a1591395003
050 _aHD 30.23
_b.H3743 2007
245 _aHarvard business review on making smarter decisions. /
260 _aU.S.A :
_bHarvard Business School Publishing Corporation,
_c2007.
300 _a182 p. :
_c22 cm.
521 _aBSBA
650 _aDecision making.
650 _aExecutives
_xTraining of.
942 _cBK
_2lcc
_kFOR
999 _c23531
_d23531